000 00346nam a2200121Ia 4500
008 210430s9999 xx 000 0 und d
082 _a355 S5681M
100 _aDr. Amir Hasan Siddiqi
_954622
245 _aMuslim Generals /
_cDr. Amir Hasan Siddiqi
260 _aKarachi
_bJamiyat-ul-Falah publications
_c1967
300 _a105
942 _cBK
_2ddc
999 _c565256
_d565256